| 000 | 01330nam a2200325 a 4500 | ||
|---|---|---|---|
| 001 | BRCA_3118 | ||
| 005 | 20190320204124.0 | ||
| 008 | 290109s1851----fr-a---###---#000-0#fre-u | ||
| 041 | _afre | ||
| 044 | _afr | ||
| 084 |
_a423 _b.B44 _c1851 |
||
| 100 | 1 |
_aCervantes Saavedra, Miguel de _d1547-1616 _9213 |
|
| 245 | 1 | 0 |
_aHistoire de Don Quichotte _cMichel de Cervantes ; Traduite de L´Espagnol par Filleau de Saint-Martin. |
| 260 |
_aParís _bF. Béchet _c1851 |
||
| 300 |
_a379 p. _bil. _c24 cm. |
||
| 500 | _aContenido : Primera parte. Prólogo del autor traducido por Florian. Texto. Segunda parte. Texto | ||
| 500 | _aEdición : Ornée de Gravures | ||
| 500 | _aReproducción de la traducción de Filleau de Saint-Martin, publicada por el mismo editor Lúdovik Osterc | ||
| 500 | _aQM350 | ||
| 546 | _aTexto en : francés | ||
| 650 | 1 | 4 |
_aNovela española _yÉpoca clásica, 1500-1700 _9215 |
| 650 | 1 | 4 |
_aLiteratura española _yÉpoca clásica, 1500-1700 _9216 |
| 650 | 1 | 4 |
_aNovela española _ySiglo XVII _9217 |
| 650 | 1 | 4 |
_aDon Quijote (Personaje ficticio) _eNovela _9218 |
| 700 | 1 |
_aSaint-Martin, Francois Filleau de _d1632-1695 _eTraductor _98475 |
|
| 700 | 1 |
_aFlorian, Jean-Pierre Claris de _d1755-1794 _eTraductor _98476 |
|
| 740 | 0 | _aEl Ingenioso Hidalgo Don Quijote de la Mancha | |
| 902 | _aQFM | ||
| 942 |
_2lcc _cB |
||
| 999 |
_c2854 _d2854 |
||